Une guerre en sonora le salteador (Record no. 129149)

MARC details
000 -LEADER
fixed length control field 00456nam a2200205Ia 4500
008 - FIXED-LENGTH DATA ELEMENTS--GENERAL INFORMATION
fixed length control field 210210b1919 xxu||||| |||| 00| 0 eng d
041 ## - LANGUAGE CODE
Language code of text/sound track or separate title eng
082 ## - DEWEY DECIMAL CLASSIFICATION NUMBER
Classification number 444/132
100 ## - MAIN ENTRY--PERSONAL NAME
Personal name FERRY (G)
245 ## - TITLE STATEMENT
Title Une guerre en sonora le salteador
260 ## - PUBLICATION, DISTRIBUTION, ETC.
Place of publication, distribution, etc. London
Name of publisher, distributor, etc. Macmillan & Co. Ltd.
Date of publication, distribution, etc. 1919
650 ## - SUBJECT ADDED ENTRY--TOPICAL TERM
Topical term or geographic name entry element Une
650 ## - SUBJECT ADDED ENTRY--TOPICAL TERM
Topical term or geographic name entry element sonora
650 ## - SUBJECT ADDED ENTRY--TOPICAL TERM
Topical term or geographic name entry element salteador
650 ## - SUBJECT ADDED ENTRY--TOPICAL TERM
Topical term or geographic name entry element le
650 ## - SUBJECT ADDED ENTRY--TOPICAL TERM
Topical term or geographic name entry element guerre
650 ## - SUBJECT ADDED ENTRY--TOPICAL TERM
Topical term or geographic name entry element en
690 ## - LOCAL SUBJECT ADDED ENTRY--TOPICAL TERM (OCLC, RLIN)
Topical term or geographic name as entry element French
906 ## - LOCAL DATA ELEMENT F, LDF (RLIN)
a 006327
Holdings
Withdrawn status Lost status Damaged status Not for loan Collection code Home library Current library Shelving location Date acquired Cost, normal purchase price Total Checkouts Full call number Barcode Date last seen Price effective from Koha item type
          St Aloysius Library St Aloysius Library   02/17/2021 0.00   444/132 006327 02/17/2021 02/17/2021 Book